| 000 | 01219nam a22002897a 4500 | ||
|---|---|---|---|
| 003 | OSt | ||
| 005 | 20230524130107.0 | ||
| 006 | a|||||r|||| 00| 0 | ||
| 007 | cr ||||||a|c|a | ||
| 008 | 230426s2020 mx ||||fom||| 001 0 spa d | ||
| 040 | _erda | ||
| 100 | 1 |
_9186818 _aAguilar Calvo, Ángel de Jesús |
|
| 245 | 1 | 0 |
_aRenovacion de cafetales y su efecto en la productividad en comunidades del municipio de Córdoba, Veracruz / _cpor Ángel de Jesús Aguilar Calvo; director de tesis José Domingo Robledo Martínez |
| 264 | 1 |
_aChapingo, México : _bEl autor, _c2020. |
|
| 300 | _a1 recurso en línea (94 páginas): | ||
| 336 |
_2rdacontent _atexto _btxt |
||
| 337 |
_2rdamedia _acomputadora _bc |
||
| 338 |
_2rdacarrier _arecurso en línea _bcr |
||
| 502 |
_bIAEZT _cCentros Regionales _d2020. _gLIC |
||
| 504 | _aIncluye referencias bibliográficas: páginas 83-85 | ||
| 650 | 4 |
_9129779 _aCafé _xProducción |
|
| 650 | 4 |
_9170481 _aSuelos _x cafetaleros |
|
| 650 | 4 |
_917080 _aCafeticultores |
|
| 700 | 1 |
_998036 _aRobledo Martínez, José Domingo _eDirector de tesis. |
|
| 856 |
_uhttp://10.13.5.2/tesis/tl/Aguilar_Calvo_Angel_De_Jesus.pdf _zDESCARGAR PDF |
||
| 942 |
_2Clasificación Universidad Autónoma Chapingo _cTD |
||
| 999 |
_c218634 _d218634 |
||